Atlético Madrid - Tous les joueurs (2010-2020) - Statistiques

Statistiques générales
  • Ce quiz a été pris 742 fois
  • Le résultat moyen est 31 sur 102
Statistiques - réponses
Saisons Nationalité Joueur Nb de matchs % Correct
2014-2019 France Antoine Griezmann 180
98%
2014-2020 Slovénie Jan Oblak 191
96%
2010-2020 Espagne Koke 313
96%
2010-2019 Uruguay Diego Godin 277
95%
2013-2020 Uruguay José Maria Gimenez 130
84%
2018-2020 France Thomas Lemar 53
81%
2015-2018, 2019-2020 Belgique Yannick Ferreira Carrasco 96
81%
2012-2013, 2014-2020 Espagne Saul Niguez 194
80%
2010-2014, 2015-2019 Brésil Filipe Luis 240
77%
2011-2015 Turquie Arda Turan 127
76%
2014-2018 Espagne Fernando Torres 107
76%
2019-2020 Portugal Joao Felix 27
76%
2015-2020 Monténégro Stefan Savic 111
76%
2011-2014 Belgique Thibaut Courtois 111
76%
2012-2014, 2015-2016 Espagne Oliver Torres 36
75%
2010-2015 Espagne Mario Suarez 121
74%
2015-2020 Ghana Thomas Partey 129
73%
2012-2014, 2017-2020 Espagne Diego Costa 148
71%
2015-2020 Argentine Angel Correa 163
70%
2010-2019 Espagne Juanfran 243
70%
2011-2013 Colombie Radamel Falcao 68
70%
2019-2020 Espagne Marcos Llorente 29
68%
2011-2018 Espagne Gabi 239
67%
2014-2019 France Lucas Hernandez 67
65%
2010-2011 Uruguay Diego Forlan 32
59%
2018-2020 Espagne Alvaro Morata 49
58%
2019-2020 Brésil Renan Lodi 32
56%
2019-2020 Angleterre Kieran Trippier 25
55%
2010-2011 Argentine Sergio Agüero 32
50%
2016-2018, 2019-2020 Croatie Sime Vrsaljko 40
49%
2019-2020 Brésil Felipe 25
48%
2010-2017 Portugal Mendes Tiago 175
46%
2011-2015 Brésil Miranda 117
46%
2018-2019 Espagne Rodri 34
46%
2013-2014 Espagne David Villa 36
44%
2019-2020 Mexique Hector Herrera 21
43%
2016-2018 France Kevin Gameiro 56
42%
2015-2016 Colombie Jackson Martinez 15
41%
2019-2020 Espagne Mario Hermoso 17
41%
2010-2011 Espagne David de Gea 38
38%
2014-2015 Croatie Mario Mandzukic 28
34%
2010-2011, 2012-2016 Espagne Raul Garcia 125
27%
2012-2015 Uruguay Cristian Rodriguez 59
26%
2011-2012, 2013-2014 Brésil Diego 43
24%
2018-2020 Colombie Santiago Arias 39
24%
2010-2012 Espagne Antonio Lopez 19
21%
2017-2020 Espagne Vitolo 62
21%
2014-2015, 2016-2017 Espagne Miguel Angel Moya 36
20%
2013-2014 Belgique Toby Alderweireld 12
20%
2017-2020 Espagne Toni Moya 3
20%
2015-2018 Argentine Augusto Fernandez 21
18%
2019-2020 Espagne Manu Sanchez 5
16%
2011-2014 Espagne Adrian 90
14%
2014-2015 Mexique Raul Jimenez 21
14%
2016-2018 Argentine Nicolas Gaitan 29
12%
2018-2019 Croatie Nikola Kalinic 17
12%
2015-2016, 2017-2018 Argentine Luciano Vietto 25
11%
2018-2019 Portugal Gelson Martins 8
10%
2010-2011 Portugal Simao 16
10%
2012-2013 Argentine Cata Diaz 9
9%
2010-2012 Espagne José Antonio Reyes 47
9%
2014-2015 Italie Alessio Cerci 6
7%
2014-2016 Brésil Guilherme Siqueira 26
7%
2012-2014 Espagne Javier Manquillo 6
7%
2010-2012 Colombie Luis Perea 47
6%
2011-2013 Espagne Sergio Asenjo 3
6%
2010-2011 Tchéquie Tomas Ujfalusi 32
6%
2010-2012 Espagne Alvaro Dominguez 47
5%
2019-2020 Serbie Ivan Saponjic 4
5%
2011-2012 Argentine Eduardo Salvio 30
4%
2018-2019 Espagne Francisco Montero 9
4%
2015-2016 Argentine Matias Kranevitter 8
4%
2010-2012 Brésil Paulo Assunçao 33
4%
2018-2019 Espagne Victor Mollejo 4
4%
2014-2015 Argentine Cristian Ansaldi 7
3%
2012-2014 Argentine Emiliano Insua 9
3%
2014-2016 Espagne Jesus Gamez 24
3%
2013-2014 Argentine José Sosa 15
3%
2010-2011 Espagne Elias 15
2%
2012-2013 Turquie Emre Belozoglu 7
2%
2010-2011 Espagne Juan Valera 15
2%
2013-2014 Brésil Léo Baptistao 5
2%
2011-2012 Portugal Pizzi 11
2%
2011-2013 Portugal Silvio 10
2%
2018-2020 Espagne Antonio Adan 2
1%
2014-2015 Espagne Cani 4
1%
2010-2012 Espagne Fran Mérida 20
1%
2011-2013 Espagne Jorge Pulido 3
1%
2010-2011 Espagne Alberto Noguera 2
0%
2018-2019 Colombie Andrés Solano 1
0%
2017-2018 Argentine Axel Werner 1
0%
2018-2019 Espagne Borja Garcés 1
0%
2017-2019 Espagne Carlos Isaac 2
0%
2012-2013 Espagne Dani Aquino 1
0%
2013-2014 Espagne Dani Aranzubia 1
0%
2019-2020 Espagne Dario Poveda 1
0%
2012-2013 Espagne Domingos Cisma 2
0%
2013-2014 France Josuha Guilavogui 1
0%
2012-2013 Tunisie Kader 1
0%
2015-2016 Espagne Nacho Monsalve 1
0%
2019-2020 Espagne Rodrigo Riquelme 1
0%
2018-2020 Espagne Sergio Camello 3
0%
Aucun quiz correspondant
Distribution des résultats
% des personnes avec chaque résultat
Percentile par nombre de réponses
Votre historique - résultats
Vous n’avez pas pris ce quiz